Statistics for Top 25 Most Famous Mexican Narcos

Click here to take the quiz!

General Stats

  • This quiz has been taken 27 times
  • The average score is 4 of 25

Answer Stats

Full Name Of Drug LordCartel They Belong ToNickname% Correct
Joaquín Archivaldo Guzmán LoeraSinaloaEl Chapo
92%
Ismael Mario Zambada GarcíaSinaloaEl Mayo
46%
Ernesto Fonseca CarrilloGuadalajaraDon Neto
42%
Miguel Ángel Félix gallardoGuadalajaraEl Padrino
33%
Héctor Luis Palma SalazarSinaloaEl Güero
25%
Benjamín Arellano FélixTijuanaEl Señor
25%
Amado Carrillo FuentesJuárezEl Señor de Los Cielos
25%
Juan José Esparragoza MorenoSinaloaEl Azul
21%
Miguel Ángel Treviño MoralesLos ZetasZ-40
13%
Juan Pablo LedezmaJuárezEl JL
8%
Pedro Avilés PérezSinaloaEl León de la Sierra
8%
Vicente Carrillo FuentesJuárezEl Viceroy
8%
Pablo Acosta VillarrealJuárezEl Zorro de Ojinaga
8%
Jorgé Eduardo Costilla SánchezGolfoEl Coss
4%
Osiel Cárdenas GuillénGolfoEl Mata Amigos
4%
Rafael Caro QuinteroGuadalajaraEl Narco de Narcos
4%
Heriberto Lazcano LazcanoLos ZetasEl Verdugo
4%
Carlos Beltrán LeyvaBeltrán-LeyvaCarlos Gámez Orpineda.
0%
Marcos Arturo Beltrán LeyvaBeltrán-LeyvaEl Botas Blancas
0%
Nazario Moreno GonzálezLa Familia MichoacanaEl Chayo
0%
Alfredo Beltrán LeyvaBeltrán-LeyvaEl Mochomo
0%
Juan Nepomuceno Guerra CárdenasGolfoEl Padrino de Matamoros
0%
Ramón Eduardo Arellano FélixTijuanaMón Comandante Món Colores
0%
Rafael Aguilar GuajardoSinaloaNo Nickname
0%
Juan García AbregoGolfoNo Nickname
0%

Score Distribution

Percentile by Number Answered

Percent of People with Each Score

Your Score History

You have not taken this quiz